Statistics for Countries in a Ring of the World Map

Click here to take the quiz!

General Stats

  • This quiz has been taken 60,265 times
  • The average score is 27 of 31

Answers on the Map

Answers color-coded by a green-red scale on the quiz's map according to % correct below.
Loading ...
 

Answer Stats

Country % Correct
United States
99%
Canada
99%
Mexico
99%
United Kingdom
98%
Spain
98%
France
98%
Iceland
97%
Brazil
97%
Denmark
97%
Ireland
97%
Colombia
95%
Panama
95%
Venezuela
93%
Morocco
93%
Algeria
91%
Honduras
89%
Guatemala
87%
Nicaragua
87%
Costa Rica
87%
Guyana
86%
Suriname
86%
El Salvador
85%
Belize
85%
Andorra
83%
Mali
83%
Mauritania
76%
Senegal
76%
Guinea
73%
Gambia
69%
Sierra Leone
68%
Guinea-Bissau
66%

Score Distribution

Percentile by Number Answered

Percent of People with Each Score

Your Score History

You have not taken this quiz